000
00283nam a22001217a 4500
008
260219b ||||| |||| 00| 0 eng d
041
_a
eng
080
_a
2.1
100
_a
20.1
101
_a
Roman
245
_a
Evolucioni dhe Transicioni Demografik
_c
Hivzi Islami
942
_2
lcc
_c
BK
999
_c
60826
_d
60826